000 00627 a2200205 4500
005 20241129152415.0
010 _aB-761300
020 _a9789364680592
_c550.00
035 _aB-761300
037 _bGift/28.11.24
082 _a500
100 _aLakhmir Singh
_974431
245 _aS. Chand's Revised Edition;
_bAs per NCF 2023 for Class 8 /
_cLakhmir Singh and Manjit Kaur
260 _aU.P.
_bS. Chand's
_c2025
270 _aU. P.
300 _a258 p.
_c25cm (Pb)
700 _aKaur, Manjit
_974251
942 _adpl
_cCH
_2ddc
_h500
_mLAK
999 _c207265
_d207265